Physiotherapy in medical conditions

Kaydedildi:
Detaylı Bibliyografya
Yazar: KUMAR, Suraj
Materyal Türü: Kitap
Dil:İngilizce
Baskı/Yayın Bilgisi: : Jaypee Brothers Medical Publishers, 2014
Etiketler: Etiketle
Etiket eklenmemiş, İlk siz ekleyin!

MARC

LEADER 00000nam a22000007a 4500
008 201210b ||||| |||| 00| 0 eng d
020 |a ISBN: 978-93-5152-165-5 
100 |a KUMAR, Suraj. 
245 |a Physiotherapy in medical conditions  |g . xvii, 494p, ill 
260 |b : Jaypee Brothers Medical Publishers,  |c  2014  |l RM721 .K95  |m  Massage therapy  |m Exercise therapy  |m Surgical diseases  |m Aggarwal, Anoop. 
942 |a lcc  |c BK  |e Olagoke,M A  |f 10/12/2020 
952 |0 0  |1 0  |2 lcc  |4 0  |7 0  |9 270  |a HOL  |b HOL  |c QZ  |d 2020-12-10  |o RM721 .K95  |p 2020-0209  |r 2020-12-10 00:00:00  |w 2020-12-10  |y BK 
952 |0 0  |1 0  |2 lcc  |4 0  |7 0  |9 271  |a HOL  |b SL  |c QZ  |d 2020-12-10  |o RM721 .K95  |p 2020-0210  |r 2020-12-10 00:00:00  |w 2020-12-10  |y BK 
999 |c 111  |d 111